[Event "World School-ch U15"]
[Site "Antalya"]
[Date "2019.04.24"]
[Round "7"]
[White "Aubakirov, Shyngys"]
[Black "Iskakbaev, Ibraim"]
[Result "0-1"]
[WhiteElo "1471"]
[BlackElo "1657"]
[PlyCount "57"]
[EventDate "2019.04.18"]
[EventType "swiss"]
[EventRounds "9"]
[EventCountry "TUR"]
[SourceTitle "CBM 190 Extra"]
[Source "ChessBase"]
[SourceDate "2019.07.15"]
[SourceVersion "1"]
[SourceVersionDate "2019.07.15"]
[SourceQuality "1"]

1. e4 c5 2. Nc3 d6 3. f4 Nc6 4. Bb5 Bd7 5. Bxc6 Bxc6 6. d3 Nf6 7. Nf3 g6 8. 0-0 Bg7 9. a4 0-0 10. Qe1 Rc8 11. Ng5 b6 12. f5 Qd7 13. fxg6 fxg6 14. Qh4 e6 15. Bd2 a6 16. Nf3 Nh5 17. Qe1 Rf7 18. Ng5 Rxf1+ 19. Qxf1 Rf8 20. Qe2 Qe7 21. Rf1 Bf6 22. Nh3 Qg7 23. Kh1 Be5 24. Ng5 Bd7 25. Rxf8+ Qxf8 26. Qf3 Qxf3 27. gxf3 Bf4 28. h4 h6 29. Nh3 0-1

[Event "World School-ch U15"]
[Site "Antalya"]
[Date "2019.04.23"]
[Round "6"]
[White "Bizhigitov, Zhangir"]
[Black "Iskakbaev, Ibraim"]
[Result "1-0"]
[WhiteElo "2024"]
[BlackElo "1657"]
[PlyCount "89"]
[EventDate "2019.04.18"]
[EventType "swiss"]
[EventRounds "9"]
[EventCountry "TUR"]
[SourceTitle "CBM 190 Extra"]
[Source "ChessBase"]
[SourceDate "2019.07.15"]
[SourceVersion "1"]
[SourceVersionDate "2019.07.15"]
[SourceQuality "1"]

1. d4 Nf6 2. c4 g6 3. Nc3 Bg7 4. e4 d6 5. Be2 0-0 6. Bg5 h6 7. Be3 e5 8. d5 a5 9. g4 Qe8 10. f3 Bd7 11. Qd2 Kh7 12. h4 Ng8 13. Nh3 f5 14. exf5 gxf5 15. 0-0-0 f4 16. Bf2 Na6 17. Qc2+ Kh8 18. Ng5 Nf6 19. Nce4 Kg8 20. Nxf6+ Rxf6 21. Qh7+ Kf8 22. Ne4 Rf7 23. h5 a4 24. Qg6 Rb8 25. c5 Bb5 26. Bxb5 Qxb5 27. cxd6 Nb4 28. Kb1 Qc4 29. Nc3 a3 30. Qe4 Qxe4+ 31. Nxe4 axb2 32. dxc7 Rxc7 33. Bc5+ Rxc5 34. Nxc5 Ra8 35. Ne6+ Kf7 36. Nxg7 Kxg7 37. Kxb2 b5 38. a3 Na6 39. Rc1 Ra7 40. Kb3 Nc7 41. Rhd1 Kf6 42. Rc6+ Kg5 43. Rh1 Rxa3+ 44. Kxa3 b4+ 45. Kb2 1-0

[Event "World ol U16"]
[Site "Konya"]
[Date "2018.11.30"]
[Round "7.18"]
[White "Bjerre, Jonas Buhl"]
[Black "Iskakbaev, Ibraim"]
[Result "1/2-1/2"]
[WhiteElo "2422"]
[BlackElo "1522"]
[PlyCount "150"]
[EventDate "2018.11.25"]
[EventType "team-swiss"]
[EventRounds "9"]
[EventCountry "TUR"]
[SourceTitle "CBM 187 Extra"]
[Source "ChessBase"]
[SourceDate "2018.11.04"]
[SourceVersion "1"]
[SourceVersionDate "2018.11.04"]
[SourceQuality "1"]
[WhiteTeam "Denmark"]
[BlackTeam "Kazakhstan Karaganda"]
[WhiteTeamCountry "DEN"]
[BlackTeamCountry "KAZ"]

1. e4 c5 2. Nf3 d6 3. d4 cxd4 4. Nxd4 Nf6 5. Nc3 g6 6. Be3 Bg7 7. f3 Nc6 8. Qd2 0-0 9. Bc4 Bd7 10. 0-0-0 Rc8 11. Bb3 Nxd4 12. Bxd4 b5 13. Nd5 Nxd5 14. Bxg7 Kxg7 15. exd5 Qb6 16. Rhe1 Rfe8 17. a3 a5 18. g4 Rc7 19. Kb1 Bc8 20. Rc1 Rb7 21. Re4 Rc7 22. h4 h6 23. h5 g5 24. f4 f6 25. fxg5 hxg5 26. h6+ Kh8 27. Qh2 Rg8 28. Qh5 Rb7 29. c3 Bd7 30. Bc2 Be8 31. Qh2 Bg6 32. Rd4 Qd8 33. Re1 Qe8 34. Be4 Bxe4+ 35. Rdxe4 Qf7 36. Qe2 Re8 37. Re6 b4 38. cxb4 axb4 39. a4 Ra8 40. b3 Raa7 41. Rc1 Kh7 42. Rc8 Rc7 43. Qd3+ f5 44. Rxc7 Rxc7 45. Qxf5+ Qxf5+ 46. gxf5 g4 47. Rg6 Rc3 48. Kb2 g3 49. a5 Rc5 50. a6 Ra5 51. Rxg3 Kxh6 52. Rg4 Rxa6 53. Rxb4 Ra5 54. Rd4 Kg5 55. b4 Rb5 56. Kb3 Kxf5 57. Ka4 Rb7 58. b5 e6 59. Rd1 exd5 60. Rxd5+ Ke6 61. Rh5 d5 62. Ka5 Ra7+ 63. Kb6 Ra1 64. Kc6 Rc1+ 65. Kb7 d4 66. Rh8 Kd7 67. Rh4 Rd1 68. b6 d3 69. Rd4+ Ke6 70. Kc8 d2 71. b7 Rc1+ 72. Kb8 d1Q 73. Rxd1 Rxd1 74. Ka7 Ra1+ 75. Kb6 Rb1+ 1/2-1/2